[Event "Titled Tue 17th Jun Late"]
[Site "chess.com INT"]
[Date "2025.06.17"]
[Round "2"]
[White "Kodihalli, Kaustubh"]
[Black "Petrus, Adrian"]
[Result "0-1"]
[BlackTitle "CM"]
[WhiteElo "2038"]
[BlackElo "2203"]
[WhiteFideId "30956455"]
[BlackFideId "14573652"]
[EventDate "2025.06.17"]

1. e4 e5 2. Nf3 Nc6 3. Bc4 Nf6 4. d3 Be7 5. O-O O-O 6. c3 d6 7. a4 Na5 8. Ba2 c5
9. Nbd2 Be6 10. Bxe6 fxe6 11. Re1 h6 12. Nf1 Kh8 13. Ng3 Qe8 14. h3 Nh5 15. Nxh5
Qxh5 16. Be3 Bf6 17. Kh2 g5 18. Ng1 Qxd1 19. Raxd1 Kg7 20. Ne2 Nb3 21. Ng3 Kg6
22. Kg1 b6 23. Nf1 d5 24. exd5 exd5 25. Ng3 Bg7 26. f3 a6 27. Bf2 b5 28. axb5
axb5 29. c4 bxc4 30. dxc4 d4 31. Ne4 Ra2 32. Re2 Rc8 33. Rc2 Bf8 34. Rd3 Rb8 35.
Bg3 Kf5 36. Nf2 Bg7 37. Kh2 Na1 38. Re2 Rbxb2 39. Rxb2 Rxb2 40. Ra3 Nc2 41. Ra7
Bf6 42. Rc7 Ne3 43. Ne4 d3 44. Rf7 Rb6 45. Bf2 Nf1+ 46. Kg1 d2 47. Rd7 Rb1 48.
g4+ Kg6 49. Kg2 d1=Q 50. Rxd1 Rxd1 51. Nxc5 Nd2 52. Ne6 Nxc4 53. Nf8+ Kf7 54.
Nh7 Be7 55. h4 Rd2 56. Kg3 Nd6 57. Be3 Rd3 58. Bc1 Ne4+ 59. Kg2 Nc3 0-1

[Event "Titled Tue 17th Jun Late"]
[Site "chess.com INT"]
[Date "2025.06.17"]
[Round "2"]
[White "Fedorov, Artem Alek"]
[Black "Vinolas Anglada, Laura"]
[Result "1-0"]
[WhiteTitle "CM"]
[BlackTitle "WCM"]
[WhiteElo "2157"]
[BlackElo "2059"]
[WhiteFideId "34418431"]
[BlackFideId "24517925"]
[EventDate "2025.06.17"]

1. e4 e5 2. Nf3 Nc6 3. Bb5 a6 4. Ba4 Nf6 5. O-O d6 6. Re1 Bd7 7. c4 g6 8. Nc3
Bg7 9. Bxc6 Bxc6 10. d4 exd4 11. Nxd4 O-O 12. f3 Re8 13. Be3 Nd7 14. Rc1 Ne5 15.
Nd5 Bd7 16. Qe2 Qh4 17. Nxc7 Rac8 18. Nxe8 Rxe8 19. c5 dxc5 20. Rxc5 Nc6 21.
Nxc6 Bxc6 22. Bf2 Qf4 23. Rd1 h5 24. Bg3 Qf6 25. e5 Qf5 26. Qd3 Qe6 27. a3 Qe7
28. Qd6 Qg5 29. f4 Qg4 30. Rc3 h4 31. h3 Qf5 32. Bh2 Qe4 33. Qd2 Bh6 34. Qf2 Qa4
35. Re1 Qb5 36. Qxh4 Qd5 37. Qf2 Bf8 38. Bg3 b6 39. Kh2 Bc5 40. Qe2 Qe6 41. b4
Bd4 42. Rcc1 Bb7 43. Qc4 Qxc4 44. Rxc4 Bb2 45. Rc7 Bd5 46. Re3 Bd4 47. Rd3 Bxg2
48. Kxg2 Ba1 49. Rc1 Bxe5 50. fxe5 g5 51. h4 g4 52. Rd6 Kh7 53. Rc4 b5 54. Rxg4
Rc8 55. Bf4 Rc2+ 56. Kf3 Rc3+ 57. Ke4 Rxa3 58. Rh6# 1-0

[Event "Titled Tue 17th Jun Late"]
[Site "chess.com INT"]
[Date "2025.06.17"]
[Round "2"]
[White "Caruana, Fabiano"]
[Black "Sindarov, Islombek"]
[Result "0-1"]
[WhiteTitle "GM"]
[BlackTitle "CM"]
[WhiteElo "2777"]
[BlackElo "2129"]
[WhiteFideId "2020009"]
[BlackFideId "14205475"]
[EventDate "2025.06.17"]

1. e4 g6 2. d4 Bg7 3. c4 d6 4. Nc3 Nd7 5. Be3 e5 6. d5 Ngf6 7. Be2 O-O 8. h4 Nc5
9. Qc2 Ng4 10. Bxg4 Bxg4 11. f3 Bc8 12. h5 f5 13. hxg6 hxg6 14. O-O-O f4 15. Bf2
a5 16. Nge2 b6 17. b3 Bd7 18. Kb1 Qf6 19. Nc1 Kf7 20. Nd3 Rh8 21. Nb5 Bxb5 22.
cxb5 Qg5 23. Bxc5 bxc5 24. Nb2 Qg3 25. Nc4 Ke7 26. a4 g5 27. Qe2 g4 28. Kc2 Bf6
29. fxg4 Rxh1 30. Rxh1 Rg8 31. Nxa5 Rxg4 32. Nc6+ Kd7 33. a5 Qxg2 34. Qxg2 Rxg2+
35. Kc3 Ra2 36. a6 f3 37. Rh7+ Ke8 38. Rh3 f2 39. Rf3 Bg5 40. a7 Bd2+ 41. Kc4
Be1 42. b6 cxb6 43. Kb5 Kd7 44. Kxb6 Ra3 45. Kb7 c4 46. Rf7+ Ke8 47. Rf6 cxb3
48. Rf3 Rxa7+ 49. Nxa7 b2 50. Nb5 b1=Q 51. Kc6 Ke7 52. Na7 Qc2+ 0-1

[Event "Titled Tue 17th Jun Late"]
[Site "chess.com INT"]
[Date "2025.06.17"]
[Round "2"]
[White "Daspres, Loic"]
[Black "Guerra Mendez, Jose Angel"]
[Result "0-1"]
[WhiteTitle "CM"]
[BlackTitle "GM"]
[WhiteElo "2207"]
[BlackElo "2478"]
[WhiteFideId "20612281"]
[BlackFideId "3508129"]
[EventDate "2025.06.17"]

1. e4 c5 2. Nf3 d6 3. Bb5+ Nd7 4. O-O g6 5. Re1 Bg7 6. c3 a6 7. Bxd7+ Bxd7 8. d4
Bg4 9. Be3 cxd4 10. cxd4 Nf6 11. Nc3 O-O 12. h3 Bxf3 13. Qxf3 b5 14. e5 Ne8 15.
Rad1 Nc7 16. Qc6 d5 17. Rc1 Ra7 18. Ne2 Ne6 19. Nf4 Nxf4 20. Bxf4 e6 21. Bd2 Qe7
22. a3 Qb7 23. Qc2 Rfa8 24. Ba5 Bh6 25. Bd2 Bf8 26. Qc6 a5 27. Rc2 b4 28. a4 b3
29. Qxb7 Rxb7 30. Rc6 Bb4 31. Rd1 Bxd2 32. Rxd2 Rb4 33. Rc7 Rxa4 34. Rb7 Ra2 35.
Rxb3 a4 36. Rbd3 Rb8 37. Rc3 Raxb2 38. Rxb2 Rxb2 39. Rc8+ Kg7 40. Ra8 Rb4 41. f3
Rxd4 42. Kf2 g5 43. Ke3 Rb4 44. g3 h5 45. Ke2 h4 46. g4 Rb2+ 47. Ke3 Ra2 48. Kd3
Rh2 49. Rxa4 Rxh3 50. Ke3 Rh1 51. Ra2 Re1+ 52. Kf2 Rxe5 53. Kg2 Kf6 54. Ra7 d4
55. Rd7 Rd5 0-1

[Event "Titled Tue 17th Jun Late"]
[Site "chess.com INT"]
[Date "2025.06.17"]
[Round "2"]
[White "Krishnakumar, Sriram"]
[Black "Szpar, Milosz"]
[Result "0-1"]
[WhiteTitle "FM"]
[BlackTitle "IM"]
[WhiteElo "2197"]
[BlackElo "2495"]
[WhiteFideId "30915856"]
[BlackFideId "1184989"]
[EventDate "2025.06.17"]

1. e4 e6 2. d4 d5 3. Nc3 Nf6 4. exd5 exd5 5. Bd3 Nc6 6. Nge2 Nb4 7. O-O Nxd3 8.
Qxd3 Be7 9. Ng3 O-O 10. Bf4 Be6 11. Rfe1 Re8 12. Nd1 c5 13. Ne3 Qb6 14. Nef5 Bf8
15. Be5 Nd7 16. dxc5 Nxe5 17. cxb6 Nxd3 18. cxd3 axb6 19. a3 Bd7 20. Rac1 g6 21.
Ne3 Bc6 22. Ne2 Bg7 23. d4 Re4 24. Red1 Rae8 25. Nc3 Rxd4 26. Ncxd5 Rxd1+ 27.
Rxd1 Bxb2 28. Rb1 Bd4 29. Rd1 Re4 30. g3 Kg7 31. Kf1 Bc5 32. Rb1 Bxa3 33. Rxb6
Bc5 34. Rb2 h5 35. h4 Ra4 36. Ke2 Ra3 37. Nf4 Bd4 38. Rd2 Bc3 39. Rc2 Be4 40.
Rc1 Ra2+ 41. Kf1 Be5 42. Nfd5 b5 43. Nc3 Bd3+ 44. Kg2 Ra3 45. Ncd5 Be4+ 46. Kf1
Rb3 47. Re1 Bd4 48. Rd1 Bc5 49. Rc1 Bd6 50. Rd1 Bf3 51. Rc1 b4 52. Nb6 Be5 53.
Nbc4 Bd4 54. Nd2 Rc3 55. Rxc3 bxc3 56. Nxf3 Bxe3 57. Ke2 c2 0-1

[Event "Titled Tue 17th Jun Late"]
[Site "chess.com INT"]
[Date "2025.06.17"]
[Round "2"]
[White "Liu, Xiangyi"]
[Black "Klys, Kacper"]
[Result "1/2-1/2"]
[WhiteTitle "IM"]
[BlackTitle "CM"]
[WhiteElo "2370"]
[BlackElo "2218"]
[WhiteFideId "8605718"]
[BlackFideId "21005281"]
[EventDate "2025.06.17"]

1. e4 c6 2. d4 d5 3. e5 Bf5 4. Nf3 e6 5. Be2 Nd7 6. O-O Nh6 7. Nbd2 Be7 8. Nb3
Bg6 9. a4 O-O 10. Bf4 f6 11. Bxh6 gxh6 12. exf6 Bxf6 13. Qd2 Bg7 14. Rae1 Qc7
15. Bd3 Rae8 16. Bxg6 hxg6 17. Qd3 Rf6 18. Ne5 Nxe5 19. Rxe5 Rf5 20. Re3 Qf7 21.
Nd2 e5 22. dxe5 Rfxe5 23. Rxe5 Bxe5 24. c3 Kg7 25. Nf3 Bf6 26. Re1 Rxe1+ 27.
Nxe1 Qe6 28. Nc2 c5 29. g3 a6 30. h4 Be5 31. h5 gxh5 32. Ne3 d4 33. cxd4 cxd4
34. Nf5+ Kh8 35. Qe4 Qf6 36. Nxh6 Bxg3 37. fxg3 Qxh6 38. Qxd4+ Qg7 39. Qd8+ Kh7
40. Qd3+ Qg6 41. Qb3 b6 42. Kh2 Kh6 43. Qe3+ Kh7 44. Qe7+ Kh6 45. Qe3+ Kh7 46.
Qe2 a5 47. b3 Kg7 48. Qe5+ Kh6 49. Qf4+ Kh7 50. Qc4 Kh6 51. Kg2 Qf6 52. Qd3 Kg5
53. Qe3+ Kg6 54. Qe4+ Kh6 55. Kh3 Kg5 56. Qe3+ Kg6 57. Qd3+ Qf5+ 58. Qxf5+ Kxf5
59. Kh4 Kg6 60. g4 hxg4 61. Kxg4 Kf6 62. Kf4 Ke6 63. Ke4 Kd6 64. Kd4 Kc6 65. Kc4
b5+ 66. axb5+ Kb6 67. Kc3 Kxb5 68. Kb2 Kb4 69. Ka2 a4 70. bxa4 Kxa4 1/2-1/2

[Event "Titled Tue 17th Jun Late"]
[Site "chess.com INT"]
[Date "2025.06.17"]
[Round "2"]
[White "Palczert, Matyas"]
[Black "Dauer, Andre Leonardo"]
[Result "1-0"]
[WhiteTitle "FM"]
[BlackTitle "CM"]
[WhiteElo "2396"]
[BlackElo "2138"]
[WhiteFideId "784958"]
[BlackFideId "2126915"]
[EventDate "2025.06.17"]

1. b3 e5 2. Bb2 Nc6 3. c4 Nf6 4. e3 d5 5. cxd5 Nxd5 6. a3 Bd6 7. Qc2 O-O 8. Nf3
Nde7 9. Be2 Bf5 10. d3 h6 11. O-O Bh7 12. Nbd2 f5 13. Nc4 e4 14. dxe4 fxe4 15.
Nfd2 Nd5 16. Nxd6 Qxd6 17. Nxe4 Qe7 18. Bd3 Kh8 19. Nc5 Bxd3 20. Nxd3 Rf7 21.
Rad1 Raf8 22. Nc5 Nxe3 23. Bxg7+ Rxg7 24. fxe3 Qxe3+ 25. Kh1 Rxf1+ 26. Rxf1 Nd4
27. Qb2 b6 28. Na6 Nf5 29. Qf2 Qxf2 30. Rxf2 Rd7 31. h3 Ng3+ 32. Kh2 Ne4 33. Rf4
Nd6 34. Nb4 Kg7 35. Nc6 a5 36. h4 Rf7 37. Rg4+ Kf6 38. Rg8 Rg7 39. Rh8 Rg6 40.
h5 Rg5 41. Rxh6+ Kg7 42. Re6 Rxh5+ 43. Kg3 Rg5+ 44. Kf3 Rf5+ 45. Kg4 Rf7 46. Ne5
Rf6 47. Re7+ Kf8 48. Rxc7 Re6 49. Nd7+ Ke7 50. Nc5+ Kf6 51. Nxe6 Kxe6 52. Rc6
Kd5 53. Rxd6+ Kxd6 54. Kf5 b5 55. g4 Kd5 56. g5 Kd4 57. g6 Kc3 58. g7 Kxb3 59.
g8=Q+ Kxa3 60. Ke4 b4 61. Kd3 b3 62. Kc3 a4 63. Qg2 b2 64. Qxb2# 1-0

[Event "Titled Tue 17th Jun Late"]
[Site "chess.com INT"]
[Date "2025.06.17"]
[Round "2"]
[White "Hindermann, Felix"]
[Black "Brady, Tyson"]
[Result "0-1"]
[WhiteTitle "FM"]
[BlackTitle "CM"]
[WhiteElo "2289"]
[BlackElo "2170"]
[WhiteFideId "1305212"]
[BlackFideId "30970369"]
[EventDate "2025.06.17"]

1. e4 g6 2. d4 Bg7 3. Nc3 d6 4. f4 a6 5. Nf3 b5 6. Bd3 Bb7 7. e5 e6 8. a4 b4 9.
Ne4 Nc6 10. O-O Nge7 11. Qe1 Nd5 12. c4 bxc3 13. bxc3 O-O 14. c4 Ndb4 15. Bb1
dxe5 16. dxe5 a5 17. Bb2 f5 18. Nc5 Bc8 19. Ng5 Qe7 20. Qe3 h6 21. Nf3 Ba6 22.
Rc1 Rfd8 23. Bc3 Bf8 24. Nxa6 Rxa6 25. h3 Qc5 26. Qxc5 Bxc5+ 27. Kh2 Be3 28. Rf1
Bxf4+ 29. g3 Be3 30. g4 Kf7 31. Kg2 Raa8 32. h4 Nd3 33. h5 f4 34. hxg6+ Kg7 35.
g5 Rab8 36. gxh6+ Kxh6 37. Rh1+ Kg7 38. Rh7+ Kxg6 39. Rxc7 Nb4 40. Ne1 Kg5 41.
Nf3+ Kg6 42. Bxb4 Rxb4 43. Ne1 Rxb1 44. Rxb1 Nxe5 45. Nf3 Ng4 46. Rh1 e5 47.
Rhh7 Nf6 48. Rhg7+ Kf5 49. Rg5+ Ke6 50. Rxe5+ Kd6 51. Rcc5 Rg8+ 52. Kf1 Bxc5 53.
Ke2 Re8 54. Rxe8 Nxe8 55. Kd3 Nf6 56. Ng5 Bb6 57. Ne4+ Nxe4 58. Kxe4 Be3 59. Kf3
Kc5 60. Ke4 Kxc4 61. Kf3 Kb4 62. Ke4 Kxa4 63. Kd3 Kb4 64. Kc2 a4 65. Kb1 f3 66.
Ka2 f2 67. Kb1 f1=Q+ 68. Ka2 Qc4+ 69. Kb2 Qc3+ 70. Ka2 Bd4 71. Kb1 Qb2# 0-1

[Event "Titled Tue 17th Jun Late"]
[Site "chess.com INT"]
[Date "2025.06.17"]
[Round "2"]
[White "Aalto, Patrik"]
[Black "Hariharan, Shambavi"]
[Result "0-1"]
[WhiteTitle "FM"]
[BlackTitle "WCM"]
[WhiteElo "2316"]
[BlackElo "1936"]
[WhiteFideId "510726"]
[BlackFideId "488160"]
[EventDate "2025.06.17"]

1. c4 e6 2. Nf3 Nf6 3. g3 d5 4. Bg2 Be7 5. O-O O-O 6. b3 b6 7. cxd5 exd5 8. Bb2
Bb7 9. e3 c5 10. d4 Nbd7 11. Nc3 Rc8 12. Rc1 cxd4 13. Nxd4 Nc5 14. b4 Nce4 15.
Nxe4 Nxe4 16. Rxc8 Qxc8 17. a3 Bf6 18. Qd3 Ba6 19. b5 Bb7 20. Rc1 Qd7 21. a4 Nc5
22. Qa3 Rc8 23. a5 h6 24. a6 Ba8 25. Bf1 Ne4 26. Rxc8+ Qxc8 27. Qd3 Nc5 28. Qf5
Qxf5 29. Nxf5 Bxb2 30. Ne7+ Kf8 31. Nc8 d4 32. exd4 Bxd4 33. Nxa7 Ne6 34. Nc8
Bc5 35. Bg2 Bxg2 36. Kxg2 Nc7 37. Na7 Ke8 38. Nc6 Nxb5 39. a7 Nc7 40. Nb8 Na8
41. Na6 Kd7 42. Kf3 Kc6 43. Ke4 Kb7 44. Nb8 Kxa7 45. Nc6+ Kb7 46. Ne5 f6 47. Nd7
Nc7 48. Kf5 Kc6 49. Nb8+ Kb7 50. Nd7 Bxf2 51. Kg6 Kc8 52. Nf8 Bc5 53. Nh7 Ne8
54. Kf7 Kd7 55. h4 b5 56. h5 b4 57. Kg8 b3 58. g4 b2 59. Kh8 b1=Q 60. Nf8+ Bxf8
61. Kg8 Qb3+ 62. Kh8 Bd6 63. g5 fxg5 64. Kh7 Nf6+ 65. Kxg7 g4 0-1

[Event "Titled Tue 17th Jun Late"]
[Site "chess.com INT"]
[Date "2025.06.17"]
[Round "2"]
[White "Yin, Evan"]
[Black "Yang, Daniel"]
[Result "1-0"]
[BlackTitle "CM"]
[WhiteElo "2142"]
[BlackElo "2198"]
[WhiteFideId "30953111"]
[BlackFideId "30976340"]
[EventDate "2025.06.17"]

1. d4 Nf6 2. Nf3 g6 3. g3 Bg7 4. Bg2 O-O 5. O-O d6 6. c4 Nbd7 7. Nc3 e5 8. d5 a5
9. Qc2 Nc5 10. Be3 b6 11. a3 a4 12. Bxc5 bxc5 13. Nxa4 Nd7 14. Nc3 f5 15. b4 e4
16. Nd2 Qf6 17. Rfc1 cxb4 18. Nb5 bxa3 19. Nxc7 Ra5 20. Nb3 Ra7 21. Nb5 Ra6 22.
Rxa3 Rxa3 23. Nxa3 Ba6 24. Nb5 Rc8 25. N3d4 Bxb5 26. Nxb5 Nb6 27. Qb3 Nxd5 28.
c5 Qe6 29. Nxd6 Rc6 30. e3 Bf8 31. Rd1 Nc7 32. Qb8 Rxc5 33. Bf1 Rc6 34. Bc4 Rxc4
35. Nxc4 Qxc4 36. Rd8 Qf7 37. Rxf8+ Qxf8 38. Qxc7 Qf7 39. Qc8+ Kg7 40. Kg2 Qf6
41. h4 Qf7 42. Qc3+ Qf6 43. Qc5 Qf8 44. Qe5+ Qf6 45. Qc7+ Qf7 46. Qf4 Qf6 47. g4
Kf7 48. gxf5 gxf5 49. Kg3 Qg6+ 50. Qg5 Kg7 51. Kf4 h6 52. Qxf5 Qg2 53. Qg4+
Qxg4+ 54. Kxg4 Kg6 55. Kf4 Kh5 56. Kg3 Kg6 57. Kg4 h5+ 58. Kf4 Kf6 59. Kxe4 Ke6
60. Kf4 Kf6 61. e4 Kg6 62. e5 Kf7 63. Kf5 Ke7 64. f4 Kf7 65. Kg5 Ke7 66. Kxh5
Ke6 67. Kg5 Kd5 68. h5 Ke4 69. h6 Kf3 70. h7 Kg2 71. h8=Q 1-0

[Event "Titled Tue 17th Jun Late"]
[Site "chess.com INT"]
[Date "2025.06.17"]
[Round "2"]
[White "Rodrigues, Leonardo De Miranda"]
[Black "Avramidou, Anastasia"]
[Result "0-1"]
[BlackTitle "FM"]
[WhiteElo "2111"]
[BlackElo "2294"]
[WhiteFideId "2108658"]
[BlackFideId "4239873"]
[EventDate "2025.06.17"]

1. e4 e6 2. d4 d5 3. Nc3 Bb4 4. Bd2 Bxc3 5. Bxc3 dxe4 6. Qg4 Nf6 7. Qxg7 Rg8 8.
Qh6 Nc6 9. O-O-O Rg6 10. Qh4 Qd5 11. Kb1 Bd7 12. Ne2 Qg5 13. Qxg5 Rxg5 14. h4
Rg8 15. Nf4 Nd5 16. Nxd5 exd5 17. g3 O-O-O 18. Be2 Bg4 19. Bxg4+ Rxg4 20. h5 f5
21. h6 f4 22. gxf4 Rxf4 23. Rh2 Rdf8 24. Be1 Rg4 25. Kc1 Rf6 26. c3 Rgg6 27. Bd2
Ne7 28. Be3 Nf5 29. Rh5 Nxe3 30. fxe3 c6 31. Rdh1 Rf3 32. R5h3 Rxh3 33. Rxh3 Kd7
34. Rh5 Ke6 35. a3 Rg3 36. Kd2 Rg2+ 37. Kc1 Re2 38. Rg5 Rxe3 39. Rg7 Rh3 40.
Rxh7 Kf5 41. Rxb7 Rxh6 42. Rxa7 Kf4 43. Rf7+ Ke3 44. a4 Kd3 45. Kb1 Re6 46. Kc1
Rg6 47. Kb1 e3 48. Re7 Rg4 49. a5 Re4 50. Rh7 e2 51. Rh3+ Re3 52. Rh1 e1=Q+ 53.
Rxe1 Rxe1+ 54. Ka2 Kc4 55. a6 Re7 0-1

[Event "Titled Tue 17th Jun Late"]
[Site "chess.com INT"]
[Date "2025.06.17"]
[Round "2"]
[White "Kobo, Ori"]
[Black "Dudzinski, Pawel"]
[Result "1/2-1/2"]
[WhiteTitle "GM"]
[BlackTitle "FM"]
[WhiteElo "2493"]
[BlackElo "2191"]
[WhiteFideId "2812320"]
[BlackFideId "1117890"]
[EventDate "2025.06.17"]

1. c4 e5 2. Nc3 c5 3. Nf3 Nc6 4. g3 g6 5. Bg2 Bg7 6. d3 Rb8 7. O-O Nge7 8. Bg5
f6 9. Bd2 a6 10. a3 b5 11. cxb5 axb5 12. b4 cxb4 13. axb4 d5 14. Qb3 Be6 15. e4
Qd7 16. Ng5 Nd4 17. Qa2 fxg5 18. exd5 Bh3 19. Bxg5 Bxg2 20. Kxg2 Rc8 21. Rfc1
Nef5 22. Ne4 O-O 23. Nc5 Qf7 24. Ne6 Rfe8 25. Rxc8 Rxc8 26. Re1 h6 27. Be3 Nxe6
28. dxe6 Nxe3+ 29. Rxe3 Qe7 30. Qd5 Kh7 31. h4 Re8 32. Qxb5 Qxe6 33. Qb7 h5 34.
b5 Re7 35. Qe4 Rd7 36. Rf3 Qd5 37. b6 Qxe4 38. dxe4 Rb7 39. Rb3 Bf6 40. Rb5 Kg7
41. Kh3 Kf7 42. f4 Ke6 43. Kg2 exf4 44. gxf4 Bd8 45. f5+ Kf6 46. Kf3 Rxb6 47.
Rd5 Bc7 48. fxg6 Rb3+ 49. Kg2 Rg3+ 50. Kf2 Rxg6 51. Rxh5 Be5 52. Rf5+ Ke6 53. h5
Rh6 54. Kf3 Rf6 55. Rxf6+ Kxf6 56. Kg4 Bd4 57. Kf4 Bc3 58. h6 Bd2+ 59. Kf3 Bxh6
60. e5+ Kxe5 1/2-1/2

[Event "Titled Tue 17th Jun Late"]
[Site "chess.com INT"]
[Date "2025.06.17"]
[Round "2"]
[White "Mayans Calvo, Mariano"]
[Black "Tanriverdi, Enes"]
[Result "1/2-1/2"]
[WhiteTitle "CM"]
[BlackTitle "IM"]
[WhiteElo "2101"]
[BlackElo "2413"]
[WhiteFideId "2251426"]
[BlackFideId "34543279"]
[EventDate "2025.06.17"]

1. e4 e5 2. Bc4 Nf6 3. d3 c6 4. f4 d5 5. fxe5 dxc4 6. exf6 Qxf6 7. Nf3 Bg4 8.
O-O Bc5+ 9. Kh1 cxd3 10. cxd3 O-O 11. Nc3 Nd7 12. Qe1 Bxf3 13. Rxf3 Qe6 14. Rg3
Ne5 15. Bf4 Rad8 16. Rd1 Bd4 17. Qd2 Ng6 18. Bg5 f6 19. Be3 b5 20. a3 Qe5 21.
Bxd4 Rxd4 22. Ne2 Rd7 23. Qe3 Qxb2 24. d4 Re8 25. h3 c5 26. Rd2 Qb1+ 27. Kh2
Qxe4 28. Qb3+ Qd5 29. Qxb5 cxd4 30. Qxd5+ Rxd5 31. Rxd4 Red8 32. Rxd5 Rxd5 33.
Rb3 Ne5 34. Nf4 Rd6 35. Rb8+ Kf7 36. Rb7+ Rd7 37. Rb3 g5 38. Nh5 Kg6 39. Ng3 h5
40. Ne4 Kf5 41. Nc5 Rc7 42. Na6 Rc2 43. Nb4 Rd2 44. Rc3 h4 45. Rb3 Ng6 46. Rf3+
Nf4 47. Kh1 a5 48. Nc6 Ke4 49. Nxa5 Rxg2 50. Rxf4+ Kxf4 51. Kxg2 f5 52. Nc6 g4
53. hxg4 fxg4 54. Ne7 h3+ 55. Kh2 Kf3 56. Nf5 Kf4 57. Ng3 Ke5 58. Ne2 Kd5 59. a4
Kc5 60. Kg3 Kb4 61. Nc3 Ka5 62. Kh2 Kb4 63. Kg3 Ka5 64. Ne4 Kxa4 65. Nf2 Kb3 66.
Nxh3 gxh3 67. Kxh3 1/2-1/2

[Event "Titled Tue 17th Jun Late"]
[Site "chess.com INT"]
[Date "2025.06.17"]
[Round "2"]
[White "Zhang, Eric"]
[Black "Ferrara, Enzo"]
[Result "0-1"]
[WhiteElo "2275"]
[BlackElo "2138"]
[WhiteFideId "30907667"]
[BlackFideId "137731"]
[EventDate "2025.06.17"]

1. b4 f5 2. Bb2 Nf6 3. a3 g6 4. e3 Bg7 5. c4 d6 6. Nf3 e5 7. d3 Nc6 8. Be2 O-O
9. Nc3 Kh8 10. O-O Be6 11. d4 Bg8 12. dxe5 Ne4 13. Nxe4 fxe4 14. Nd2 Qh4 15. g3
Qh3 16. Bg4 Qh6 17. Nxe4 Nxe5 18. Bxe5 Bxe5 19. Ra2 Bxc4 20. Rc2 Bxf1 21. Qxf1
Qg7 22. Ng5 Qf6 23. Ne6 Rf7 24. Nxc7 h5 25. Nxa8 hxg4 26. Nc7 Qf3 27. Ne6 Qf5
28. Qc4 d5 29. Qc8+ Kh7 30. Nf4 Qe4 31. Rc1 d4 32. exd4 Bxf4 33. gxf4 Qxf4 34.
Rc2 Qf3 35. Qc3 Qe4 36. Qd2 Rd7 37. Qe3 Qxc2 38. Qe6 Qf5 39. Qe3 Qf3 40. Qe6 Rf7
41. Qe1 Qf4 42. Qe2 Rd7 43. Qe6 Qd6 44. Qxg4 Qxd4 45. Qh3+ Kg7 46. Qe6 Rd6 47.
Qe7+ Kh6 48. Qf8+ Kg5 49. h4+ Kxh4 50. Qh6+ Kg4 51. Qf8 Kg5 52. Qe7+ Qf6 53.
Qe3+ Qf4 54. Qe7+ Rf6 55. Qc5+ Qf5 56. Qe3+ Kh5 57. Qg3 Qg4 58. Kg2 Qxg3+ 59.
Kxg3 Rf5 0-1

[Event "Titled Tue 17th Jun Late"]
[Site "chess.com INT"]
[Date "2025.06.17"]
[Round "2"]
[White "Chocenka, Dmitrijus"]
[Black "Bulgurlu, Okan"]
[Result "0-1"]
[WhiteTitle "FM"]
[BlackTitle "CM"]
[WhiteElo "2314"]
[BlackElo "1964"]
[WhiteFideId "12802336"]
[BlackFideId "6352316"]
[EventDate "2025.06.17"]

1. e4 c5 2. Nf3 d6 3. d4 cxd4 4. Nxd4 Nf6 5. Nc3 a6 6. Rg1 e5 7. Nb3 Be6 8. g4
h6 9. h4 d5 10. exd5 Nxd5 11. Nxd5 Qxd5 12. Qxd5 Bxd5 13. Be3 Nc6 14. O-O-O
O-O-O 15. Bb6 Rd7 16. Rg3 Be7 17. g5 Be6 18. Rxd7 Kxd7 19. Nc5+ Bxc5 20. Bxc5
hxg5 21. hxg5 Rh1 22. Rd3+ Ke8 23. Rd1 Bg4 24. Be2 Rxd1+ 25. Kxd1 Bxe2+ 26. Kxe2
Kd7 27. Kd3 Ke6 28. Ke4 f5+ 29. gxf6 gxf6 30. c4 f5+ 31. Kd3 e4+ 32. Kc3 Ke5 33.
b4 f4 34. b5 axb5 35. cxb5 Nd8 36. a4 Ne6 37. Bb6 Kd5 38. a5 Nc5 39. Bc7 e3 40.
fxe3 f3 41. Kd2 Kc4 42. Ke1 Nd3+ 43. Kd2 Nc5 44. Bb6 Kxb5 45. Ke1 Nb3 46. Kf2
Nxa5 47. Bd8 Nc6 48. Bc7 Kc4 49. Kxf3 b5 50. Bd6 Kd5 51. Bf8 Ne5+ 52. Kf4 Ng6+
53. Kf3 Nxf8 54. Ke2 Kc4 55. Kd2 Nd7 56. e4 Ne5 57. Kc2 b4 58. Kb2 b3 59. Kc1
Kc3 60. Kb1 b2 61. Ka2 Kc2 0-1

[Event "Titled Tue 17th Jun Late"]
[Site "chess.com INT"]
[Date "2025.06.17"]
[Round "2"]
[White "Miserendino, Alfredo"]
[Black "Grave, Jacob Templen"]
[Result "1/2-1/2"]
[BlackTitle "FM"]
[WhiteElo "2032"]
[BlackElo "2350"]
[WhiteFideId "101800"]
[BlackFideId "1542656"]
[EventDate "2025.06.17"]

1. e4 g6 2. d4 Bg7 3. Nf3 d6 4. Bc4 Nf6 5. Qe2 O-O 6. h3 c6 7. Bd3 e5 8. dxe5
dxe5 9. O-O Qc7 10. a4 Be6 11. Bg5 Nbd7 12. Nbd2 h6 13. Be3 Rfe8 14. Bc4 Bxc4
15. Qxc4 a5 16. Rad1 Rad8 17. Qe2 Bf8 18. Nh2 Kg7 19. Ng4 Nxg4 20. Qxg4 Bc5 21.
Nc4 Bxe3 22. Nxe3 Nc5 23. b3 Kh7 24. Qh4 Rxd1 25. Rxd1 Qe7 26. Qxe7 Rxe7 27. f3
Ne6 28. Nc4 Nd4 29. Rd2 f6 30. Nxa5 Kg7 31. Kf2 Kf7 32. c3 Ne6 33. b4 Nf4 34.
Nb3 h5 35. h4 g5 36. g3 Ng6 37. hxg5 fxg5 38. Nc5 h4 39. gxh4 gxh4 40. Rd7 b6
41. Rxe7+ Kxe7 42. Nd3 Kd6 43. a5 bxa5 44. bxa5 c5 45. a6 Kc6 46. a7 Kb7 47.
Nxc5+ Kxa7 48. Nd3 Kb6 49. c4 Kc6 50. Kg2 Kb6 51. Kh3 Kc6 52. Kg4 Kd6 53. f4
exf4 54. Nxf4 Ne5+ 55. Kxh4 Nxc4 56. e5+ Kxe5 1/2-1/2

[Event "Titled Tue 17th Jun Late"]
[Site "chess.com INT"]
[Date "2025.06.17"]
[Round "2"]
[White "Ersoz, Teoman Guney"]
[Black "Levano Loayza, Adriano Jaffet"]
[Result "1-0"]
[WhiteTitle "CM"]
[BlackTitle "CM"]
[WhiteElo "2052"]
[BlackElo "2023"]
[WhiteFideId "44537050"]
[BlackFideId "3865584"]
[EventDate "2025.06.17"]

1. d4 Nf6 2. Nc3 d5 3. Bg5 Nbd7 4. f3 c6 5. e4 dxe4 6. fxe4 e5 7. dxe5 Qa5 8.
Nf3 Nxe5 9. Qd2 Bb4 10. Bd3 h6 11. Bf4 Nxf3+ 12. gxf3 Be6 13. a3 Bxc3 14. Qxc3
Qxc3+ 15. bxc3 O-O-O 16. Rb1 Nd7 17. Be3 Ne5 18. Be2 b6 19. Kf2 Nc4 20. Rhg1
Nxe3 21. Kxe3 g5 22. Bd3 Rhf8 23. f4 f6 24. Rbf1 c5 25. h4 Bh3 26. Rf3 g4 27.
Rfg3 h5 28. Bc4 Kc7 29. Bd5 f5 30. c4 fxe4 31. Bxe4 Rd4 32. Bd5 Rdxf4 33. Re1
Rf2 34. Kd3 Kd7 35. Rge3 R2f3 36. Bxf3 gxf3 37. Re7+ Kd8 38. Rxa7 f2 39. Rd1
f1=Q+ 40. Rxf1 Bxf1+ 41. Ke4 Bxc4 42. Ke5 Rf7 43. Ra8+ Ke7 44. Rh8 Be2 45. Kd5
Rf4 46. Rh7+ Kf8 47. Kc6 b5 48. Kxc5 Rxh4 49. Rd7 Rc4+ 50. Kb6 Rxc2 51. Rh7 Kg8
52. Rh6 Kg7 53. Rc6 h4 54. Rxc2 Bc4 55. a4 Bb3 56. Rg2+ Kh6 57. axb5 h3 58. Rh2
Be6 59. Kc7 Kg5 60. b6 Bd5 61. Rxh3 1-0